[Event "Olimpiada Dresden 2008 Femenina"]
[Site "Dresden GER"]
[Date "2008.11.14"]
[Round "2.40"]
[White "Daulyte, Deimante"]
[Black "Nguyen, Thu Giang"]
[Result "1-0"]
[WhiteElo "2278"]
[BlackElo "2101"]
[PlyCount "81"]
[EventDate "2008.11.13"]
[EventType "team-tourn"]
[EventRounds "11"]
[EventCountry "GER"]
[Source "lmi"]
[SourceDate "2008.11.13"]
[WhiteTeam "Lituania"]
[BlackTeam "Australia"]
[WhiteTeamCountry "LTU"]
[BlackTeamCountry "AUS"]

1. e4 Nf6 2. e5 Nd5 3. d4 d6 4. c4 Nb6 5. exd6 cxd6 6. Nc3 g6 7. Be3 Bg7 8. Rc1
O-O 9. b3 e5 10. dxe5 dxe5 11. Qxd8 Rxd8 12. c5 N6d7 13. Bc4 Nc6 14. Nf3 Na5
15. Be2 b6 16. b4 Nc6 17. b5 Nd4 18. c6 Nc5 19. O-O a6 20. Bc4 Be6 21. Bxe6
Ncxe6 22. a4 axb5 23. axb5 Ra3 24. Kh1 Nc7 25. Nxd4 exd4 26. Bf4 dxc3 27. Bxc7
Rd5 28. Bxb6 Rxb5 29. c7 Ra8 30. Rfd1 Bf6 31. Bd4 Be7 32. Rxc3 Rc8 33. Be3 Rb7
34. Bf4 Kf8 35. g4 Rb4 36. Bg3 Rxg4 37. Rb3 Rc4 38. Rb8 Re8 39. Re1 Rc6 40. Bd6
Rxd6 41. Rxe8+ 1-0

[Event "Olimpiada Dresden 2008 Femenina"]
[Site "Dresden GER"]
[Date "2008.11.14"]
[Round "2.40"]
[White "Moylan, Laura"]
[Black "Sarakauskiene, Zivile"]
[Result "1-0"]
[WhiteElo "2114"]
[BlackElo "2188"]
[PlyCount "63"]
[EventDate "2008.11.13"]
[EventType "team-tourn"]
[EventRounds "11"]
[EventCountry "GER"]
[Source "lmi"]
[SourceDate "2008.11.13"]
[WhiteTeam "Australia"]
[BlackTeam "Lituania"]
[WhiteTeamCountry "AUS"]
[BlackTeamCountry "LTU"]

1. e4 c5 2. Nf3 e6 3. d4 cxd4 4. Nxd4 a6 5. Nc3 Qc7 6. Bd3 Nf6 7. O-O Be7 8.
Kh1 d6 9. f4 Nbd7 10. Qe2 Nc5 11. Bd2 Nxd3 12. cxd3 O-O 13. f5 e5 14. Nc2 b5
15. Ne3 Bb7 16. a3 Qd8 17. Rae1 Rc8 18. Rf3 d5 19. Nexd5 Nxd5 20. exd5 Bxd5 21.
Rh3 Bf6 22. Qh5 h6 23. Bxh6 Re8 24. Bd2 g6 25. Qh7+ Kf8 26. Nxd5 Qxd5 27. Bb4+
Re7 28. fxg6 Rc2 29. g7+ Bxg7 30. Bxe7+ Kxe7 31. Qxg7 Kd7 32. Rf3 1-0

[Event "Olimpiada Dresden 2008 Femenina"]
[Site "Dresden GER"]
[Date "2008.11.14"]
[Round "2.40"]
[White "Ziogaite, Jovita"]
[Black "Oliver, Shannon"]
[Result "1-0"]
[WhiteElo "2093"]
[BlackElo "1942"]
[PlyCount "39"]
[EventDate "2008.11.13"]
[EventType "team-tourn"]
[EventRounds "11"]
[EventCountry "GER"]
[Source "lmi"]
[SourceDate "2008.11.13"]
[WhiteTeam "Lituania"]
[BlackTeam "Australia"]
[WhiteTeamCountry "LTU"]
[BlackTeamCountry "AUS"]

1. e4 c5 2. Nf3 d6 3. d4 cxd4 4. Nxd4 Nf6 5. Nc3 g6 6. f4 Nc6 7. Nf3 Bg7 8. Bd3
O-O 9. O-O b6 10. Qe1 Bb7 11. Qh4 Rc8 12. f5 Qd7 13. Bh6 a6 14. Rad1 Qc7 15.
fxg6 hxg6 16. Ng5 Ne5 17. Rxf6 Bxf6 18. Bg7 Nf3+ 19. gxf3 Qc5+ 20. Kh1 1-0

[Event "Olimpiada Dresden 2008 Femenina"]
[Site "Dresden GER"]
[Date "2008.11.14"]
[Round "2.41"]
[White "Yanjindulam, Dulamsuren"]
[Black "Azarova, Nadezhda"]
[Result "0-1"]
[WhiteElo "2286"]
[BlackElo "2308"]
[PlyCount "110"]
[EventDate "2008.11.13"]
[EventType "team-tourn"]
[EventRounds "11"]
[EventCountry "GER"]
[Source "lmi"]
[SourceDate "2008.11.13"]
[WhiteTeam "Mongolia"]
[BlackTeam "Bielorusia"]
[WhiteTeamCountry "MGL"]
[BlackTeamCountry "BLR"]

1. e4 e5 2. Nf3 Nc6 3. Bb5 a6 4. Ba4 Nf6 5. O-O Be7 6. Re1 b5 7. Bb3 d6 8. c3
O-O 9. h3 Bb7 10. d4 Re8 11. Nbd2 Bf8 12. a4 Qd7 13. Bc2 exd4 14. cxd4 Nb4 15.
Bb1 bxa4 16. Rxa4 a5 17. b3 Bc6 18. Ra1 Bb5 19. e5 dxe5 20. dxe5 Nfd5 21. Ne4
Nb6 22. Nd4 Rxe5 23. Bg5 f5 24. Nf6+ gxf6 25. Rxe5 fxe5 26. Bxf5 exd4 27. Bxd7
Bxd7 28. Bf6 c5 29. Qh5 N6d5 30. Qg5+ Kf7 31. Be5 Ra6 32. Qh5+ Kg8 33. Qg5+ Rg6
34. Qd8 Bxh3 35. Bg3 Be6 36. Rxa5 Nc6 37. Qe8 Bf7 38. Qa8 Nxa5 39. Qxa5 Nc3 40.
Bh4 Bxb3 41. Qd8 Nd5 42. Qd7 d3 43. Qb5 Nb4 44. Qd7 Bd5 45. Qe8 Bxg2 46. Bg3
Bc6 47. Qe3 c4 48. Qd4 Bd5 49. Kf1 Bf7 50. Bf4 Nc6 51. Qa1 Bd5 52. Bd2 Bf3 53.
Bg5 Rxg5 54. Qa8 Nd4 55. Qxf3 Rg1+ 0-1

[Event "Olimpiada Dresden 2008 Femenina"]
[Site "Dresden GER"]
[Date "2008.11.14"]
[Round "2.41"]
[White "Berlin, Tatiana"]
[Black "Enxtuul, Altanolzii"]
[Result "0-1"]
[WhiteElo "2218"]
[BlackElo "1977"]
[PlyCount "84"]
[EventDate "2008.11.13"]
[EventType "team-tourn"]
[EventRounds "11"]
[EventCountry "GER"]
[Source "lmi"]
[SourceDate "2008.11.13"]
[WhiteTeam "Bielorusia"]
[BlackTeam "Mongolia"]
[WhiteTeamCountry "BLR"]
[BlackTeamCountry "MGL"]

1. e4 Nf6 2. e5 Nd5 3. d4 d6 4. Bc4 dxe5 5. dxe5 e6 6. Nf3 Be7 7. O-O O-O 8.
Nbd2 Nb6 9. Bd3 Nc6 10. a3 Nd7 11. Re1 Nc5 12. Bc4 a5 13. Qe2 b6 14. Rd1 Nd4
15. Nxd4 Qxd4 16. Nf3 Qg4 17. Rd4 Qh5 18. Bd2 Bb7 19. Re1 Rad8 20. c3 a4 21.
Qd1 Bc6 22. Be2 Nb3 23. Rxd8 Rxd8 24. Nd4 Qh4 25. g3 Qh3 26. Nxc6 Rxd2 27.
Nxe7+ Kf8 28. Qb1 Kxe7 29. Qe4 Qf5 30. Qxa4 Nc5 31. Qh4+ g5 32. Qb4 Qxe5 33.
Kf1 Qd5 34. f3 Qf5 35. a4 h5 36. b3 g4 37. c4 gxf3 38. Qxd2 Qh3+ 39. Kf2 Ne4+
40. Ke3 Nxd2 41. Kxd2 fxe2 42. Rxe2 Qg4 0-1

[Event "Olimpiada Dresden 2008 Femenina"]
[Site "Dresden GER"]
[Date "2008.11.14"]
[Round "2.41"]
[White "Munhchuluun, Cegmed"]
[Black "Klimets, Elena"]
[Result "1/2-1/2"]
[WhiteElo "1969"]
[BlackElo "2129"]
[PlyCount "84"]
[EventDate "2008.11.13"]
[EventType "team-tourn"]
[EventRounds "11"]
[EventCountry "GER"]
[Source "lmi"]
[SourceDate "2008.11.13"]
[WhiteTeam "Mongolia"]
[BlackTeam "Bielorusia"]
[WhiteTeamCountry "MGL"]
[BlackTeamCountry "BLR"]

1. d4 d6 2. c4 e5 3. dxe5 dxe5 4. Qxd8+ Kxd8 5. Nc3 c6 6. Nf3 f6 7. a3 Be6 8.
e3 a5 9. b3 Nd7 10. Bb2 Kc7 11. Bd3 Ne7 12. Bc2 Nc8 13. Rc1 Ncb6 14. a4 Nc5 15.
Nd2 Be7 16. Nce4 Na6 17. O-O Nd7 18. Bb1 Rad8 19. Rfd1 Bb4 20. h3 Ndc5 21. Bc2
Rd7 22. Nxc5 Nxc5 23. Ne4 Rxd1+ 24. Rxd1 Nxe4 25. Bxe4 b5 26. cxb5 Bxb3 27. Rc1
c5 28. Bc3 Kb6 29. Bc2 Bxc2 30. Rxc2 Rd8 31. Bb2 Rd1+ 32. Kh2 Rd2 33. Rxd2 Bxd2
34. f4 e4 35. Kg3 Bxe3 36. f5 Bd2 37. Kf2 c4 38. Bd4+ Kb7 39. Ke2 Bf4 40. Bc3
Kb6 41. Bd4+ Kb7 42. Bc3 Kb6 1/2-1/2

[Event "Olimpiada Dresden 2008 Femenina"]
[Site "Dresden GER"]
[Date "2008.11.14"]
[Round "2.42"]
[White "Malikgulyewa, Aykamar"]
[Black "Umarova, Shahnoza"]
[Result "1-0"]
[WhiteElo "2051"]
[BlackElo "1836"]
[PlyCount "53"]
[EventDate "2008.11.13"]
[EventType "team-tourn"]
[EventRounds "11"]
[EventCountry "GER"]
[Source "lmi"]
[SourceDate "2008.11.13"]
[WhiteTeam "Turkmenistán"]
[BlackTeam "Tayikistán"]
[WhiteTeamCountry "TKM"]
[BlackTeamCountry "TJK"]

1. e4 c6 2. d4 d5 3. e5 Bf5 4. g4 Be4 5. f3 Bg6 6. h4 h5 7. e6 Qd6 8. exf7+
Bxf7 9. Ne2 Nd7 10. g5 c5 11. Nbc3 e5 12. dxe5 Nxe5 13. Nf4 O-O-O 14. Bh3+ Kb8
15. O-O Ng6 16. Nxg6 Qg3+ 17. Bg2 Bxg6 18. Qe1 Qxe1 19. Rxe1 Bd6 20. Re6 Bf5
21. Rxd6 Rxd6 22. Bf4 Kc7 23. Nb5+ Kc6 24. Nxd6 Bxc2 25. Nf7 Rh7 26. Rc1 Bf5
27. g6 1-0

[Event "Olimpiada Dresden 2008 Femenina"]
[Site "Dresden GER"]
[Date "2008.11.14"]
[Round "2.42"]
[White "Antonova, Nadezhda"]
[Black "Hallaeva, Bahar"]
[Result "0-1"]
[WhiteElo "1827"]
[BlackElo "2119"]
[PlyCount "126"]
[EventDate "2008.11.13"]
[EventType "team-tourn"]
[EventRounds "11"]
[EventCountry "GER"]
[Source "lmi"]
[SourceDate "2008.11.13"]
[WhiteTeam "Tayikistán"]
[BlackTeam "Turkmenistán"]
[WhiteTeamCountry "TJK"]
[BlackTeamCountry "TKM"]

1. d4 Nf6 2. c4 e6 3. Nc3 Bb4 4. e3 O-O 5. Bd3 c5 6. a3 Bxc3+ 7. bxc3 d5 8.
cxd5 exd5 9. Ne2 c4 10. Bc2 Re8 11. O-O Nc6 12. f3 b5 13. Ng3 a5 14. e4 Rb8 15.
e5 Nd7 16. f4 Nf8 17. f5 f6 18. e6 Kh8 19. Qh5 Rb7 20. Bd2 Qe7 21. Ne2 Rd8 22.
Rf3 g6 23. fxg6 Qxe6 24. Nf4 Qg4 25. Qh6 Qg5 26. g7+ Qxg7 27. Qh4 Ne7 28. Nh5
Neg6 29. Qf2 Qc7 30. Rxf6 Bg4 31. Nf4 Kg7 32. Nxg6 Nxg6 33. Bxg6 hxg6 34. Rf1
Rd6 35. Qh4 Rxf6 36. Qh6+ Kf7 37. Rxf6+ Kxf6 38. Qg5+ Kf7 39. Qxg4 Qd7 40. Qf4+
Qf5 41. Qxf5+ gxf5 42. Kf2 Rc7 43. Kf3 b4 44. axb4 axb4 45. cxb4 c3 46. Bc1 Re7
47. Be3 c2 48. Bd2 Re4 49. b5 Rxd4 50. Ke3 Rc4 51. Bc1 Ke6 52. Kd3 Kd6 53. g3
Kc5 54. h4 Kxb5 55. h5 Kb4 56. h6 Rc3+ 57. Kd4 Rxg3 58. Kxd5 Rd3+ 59. Ke5 Rd1
60. Bf4 Kc4 61. Kxf5 Rf1 62. h7 Rxf4+ 63. Kxf4 c1=Q+ 0-1

[Event "Olimpiada Dresden 2008 Femenina"]
[Site "Dresden GER"]
[Date "2008.11.14"]
[Round "2.42"]
[White "Odinaeva, Saodat"]
[Black "Gozel, Atabayeva"]
[Result "0-1"]
[WhiteElo "1765"]
[BlackElo "2020"]
[PlyCount "102"]
[EventDate "2008.11.13"]
[EventType "team-tourn"]
[EventRounds "11"]
[EventCountry "GER"]
[Source "lmi"]
[SourceDate "2008.11.13"]
[WhiteTeam "Tayikistán"]
[BlackTeam "Turkmenistán"]
[WhiteTeamCountry "TJK"]
[BlackTeamCountry "TKM"]

1. d4 Nf6 2. c4 g6 3. Nc3 Bg7 4. e4 d6 5. Nf3 O-O 6. h3 Nbd7 7. Be3 e5 8. d5 a5
9. Bd3 b6 10. O-O Nc5 11. Bc2 Bd7 12. a3 a4 13. Nd2 Qe8 14. f4 exf4 15. Bxf4
Nh5 16. Bh2 Bd4+ 17. Kh1 Be5 18. Bxe5 Qxe5 19. Nf3 Qe7 20. Kg1 Ng7 21. Qe2 f5
22. e5 dxe5 23. Nxe5 Rfe8 24. Rae1 Qd6 25. Qe3 Re7 26. Qd4 Rae8 27. Nxd7 Qxd7
28. Rxe7 Rxe7 29. Qd1 Re3 30. Nxa4 Nxa4 31. Bxa4 Qe7 32. Bc2 Re2 33. Qd3 Qe5
34. b3 Nh5 35. Bd1 Re3 36. Qd2 Ng3 37. Qf2 Nxf1 38. Kxf1 Qd4 39. Be2 Qa1+ 40.
Qe1 Qxe1+ 41. Kxe1 Rxb3 42. Kd2 Rxa3 43. Kc2 Re3 44. Kd2 Re7 45. Kd3 g5 46. Bf3
Kg7 47. Bd1 Kg6 48. Kd2 h5 49. Bc2 g4 50. hxg4 hxg4 51. g3 Kg5 0-1

[Event "Olimpiada Dresden 2008 Femenina"]
[Site "Dresden GER"]
[Date "2008.11.14"]
[Round "2.43"]
[White "Rocha, Valquiria"]
[Black "Mir Mahmoud, Afamia"]
[Result "1-0"]
[WhiteElo "1824"]
[BlackElo "2024"]
[PlyCount "95"]
[EventDate "2008.11.13"]
[EventType "team-tourn"]
[EventRounds "11"]
[EventCountry "GER"]
[Source "lmi"]
[SourceDate "2008.11.13"]
[WhiteTeam "Angola"]
[BlackTeam "Siria"]
[WhiteTeamCountry "ANG"]
[BlackTeamCountry "SYR"]

1. e4 c5 2. Bc4 Nc6 3. Nf3 e6 4. d4 cxd4 5. Nxd4 Qc7 6. Nxc6 bxc6 7. O-O Nf6 8.
Bd3 d5 9. Nc3 Be7 10. Re1 Nd7 11. Qh5 Nc5 12. Bf1 a5 13. g3 O-O 14. e5 Ba6 15.
Bxa6 Rxa6 16. Qg4 f5 17. Qe2 Raa8 18. h4 Rab8 19. b3 Ne4 20. Nxe4 fxe4 21. Qg4
Rf5 22. Bf4 Bb4 23. Re2 Bc3 24. Rd1 Bxe5 25. Bxe5 Qxe5 26. Red2 c5 27. Qe2 Rbf8
28. Qb5 e3 29. f4 Qe4 30. Re2 Qf3 31. Kh2 e5 32. fxe5 Rxe5 33. Rde1 d4 34. Qxa5
Ref5 35. Qb5 Qe4 36. Rg2 Kh8 37. a4 g5 38. hxg5 Rxg5 39. Rf1 Rgf5 40. Rxf5 Qxf5
41. Kg1 Qe5 42. a5 Rg8 43. Kh2 h5 44. Kh3 Qf5+ 45. Kh2 h4 46. Qb6 hxg3+ 47. Kg1
Qf3 48. Qh6# 1-0

[Event "Olimpiada Dresden 2008 Femenina"]
[Site "Dresden GER"]
[Date "2008.11.14"]
[Round "2.44"]
[White "Naipal, Victoria"]
[Black "Saleh, Nora Mohd"]
[Result "0-1"]
[WhiteElo "1790"]
[BlackElo "1876"]
[PlyCount "102"]
[EventDate "2008.11.13"]
[EventType "team-tourn"]
[EventRounds "11"]
[EventCountry "GER"]
[Source "lmi"]
[SourceDate "2008.11.13"]
[WhiteTeam "Surinam"]
[BlackTeam "Emiratos Arabes Unidos"]
[WhiteTeamCountry "SUR"]
[BlackTeamCountry "UAE"]

1. d4 d5 2. c4 e6 3. Nc3 Nf6 4. Bg5 Nbd7 5. cxd5 exd5 6. Nxd5 Nxd5 7. Bd2 N7f6
8. Nf3 Be7 9. e3 O-O 10. Be2 Ne4 11. O-O c6 12. Rc1 Bd6 13. a3 Qf6 14. Bc3 Re8
15. Qb3 Nb6 16. Bd3 Nxc3 17. Rxc3 Bf5 18. Qc2 Bxd3 19. Qxd3 Rad8 20. e4 Bb8 21.
Re1 Qe7 22. Qe3 h6 23. Rc2 Rd6 24. g3 Re6 25. Rce2 Qd8 26. Qd2 R8e7 27. Nh4 Rd7
28. Rd1 Nc4 29. Qc3 Nd6 30. Qc2 Nb5 31. d5 cxd5 32. exd5 Red6 33. Nf5 Rg6 34.
Rde1 Kh7 35. Qe4 Nd6 36. Nxd6 Bxd6 37. h4 Re7 38. Qf5 Rxe2 39. Rxe2 Kg8 40. h5
Rg5 41. Qf3 Bf8 42. Rd2 Qe7 43. Re2 Qd6 44. Rd2 Qe5 45. Kg2 Bd6 46. Qb3 Qe4+
47. Qf3 Qxf3+ 48. Kxf3 Rxh5 49. Ke4 Re5+ 50. Kd4 f5 51. f3 Kf7 0-1

[Event "Olimpiada Dresden 2008 Femenina"]
[Site "Dresden GER"]
[Date "2008.11.14"]
[Round "2.45"]
[White "Nekrasova, Elena"]
[Black "Matoussi, Amina"]
[Result "1-0"]
[WhiteElo "2091"]
[BlackElo "1761"]
[PlyCount "109"]
[EventDate "2008.11.13"]
[EventType "team-tourn"]
[EventRounds "11"]
[EventCountry "GER"]
[Source "lmi"]
[SourceDate "2008.11.13"]
[WhiteTeam "Líbano"]
[BlackTeam "Túnez"]
[WhiteTeamCountry "LBN"]
[BlackTeamCountry "TUN"]

1. e4 e5 2. Nf3 Nf6 3. Nc3 Nc6 4. d4 Bb4 5. d5 Nxe4 6. dxc6 Nxc3 7. cxd7+ Bxd7
8. bxc3 Bxc3+ 9. Bd2 Bxa1 10. Qxa1 f6 11. Bc4 Bc6 12. Be3 Bd5 13. Nxe5 Bxc4 14.
Nxc4 Qd5 15. Nd2 Qxg2 16. Ke2 O-O 17. Nf3 Rae8 18. Nd2 Rxe3+ 19. Kxe3 Re8+ 20.
Kd3 Qxf2 21. Qd4 Qf5+ 22. Kc3 Qa5+ 23. Kb2 Qe5 24. Qxe5 Rxe5 25. Nb3 f5 26. Rd1
Kf7 27. Rd7+ Re7 28. Rxe7+ Kxe7 29. Kc3 Kd6 30. Kd4 b6 31. Nd2 c5+ 32. Ke3 g5
33. Nf3 h6 34. h4 g4 35. Ne1 Ke5 36. Nd3+ Kd5 37. Nf4+ Ke5 38. c4 b5 39. cxb5
c4 40. Ne2 h5 41. a4 g3 42. Kf3 Kd5 43. a5 Kc5 44. b6 axb6 45. axb6 Kxb6 46.
Kxg3 Kc5 47. Kf4 Kd6 48. Kxf5 Ke7 49. Kg5 Kf7 50. Kxh5 Kf6 51. Kg4 Kg6 52. Nf4+
Kf6 53. Kf3 Kg7 54. Ke4 Kh6 55. Kd4 1-0

[Event "Olimpiada Dresden 2008 Femenina"]
[Site "Dresden GER"]
[Date "2008.11.14"]
[Round "2.46"]
[White "Aguilar, Filipina"]
[Black "You, Garam"]
[Result "1-0"]
[WhiteElo "1835"]
[BlackElo "1511"]
[PlyCount "66"]
[EventDate "2008.11.13"]
[EventType "team-tourn"]
[EventRounds "11"]
[EventCountry "GER"]
[Source "lmi"]
[SourceDate "2008.11.13"]
[WhiteTeam "Malta"]
[BlackTeam "Corea"]
[WhiteTeamCountry "MLT"]
[BlackTeamCountry "KOR"]

1. d4 d5 2. c4 e6 3. Nc3 Nf6 4. Nf3 Be7 5. Qc2 Nbd7 6. e4 dxe4 7. Nxe4 b6 8.
Bd3 Bb7 9. Bg5 h6 10. Bxf6 Nxf6 11. Nxf6+ Bxf6 12. Be4 Bxe4 13. Qxe4 O-O 14.
O-O Qe7 15. Rac1 c5 16. b3 Rfd8 17. dxc5 Qxc5 18. Rcd1 Rac8 19. Qb7 Qe7 20. Qa6
Bc3 21. a3 Bb2 22. a4 Ba3 23. Ne5 Rc5 24. f4 Qc7 25. Rxd8+ Qxd8 26. Qxa7 Qd4+
27. Kh1 Ra5 28. Qxf7+ Kh8 29. Qe8+ Kh7 30. Qg6+ Kg8 31. Qxe6+ Kh8 32. Ng6+ Kh7
33. f5 Re5 1-0

[Event "Olimpiada Dresden 2008 Femenina"]
[Site "Dresden GER"]
[Date "2008.11.15"]
[Round "3.1"]
[White "Kosteniuk, Alexandra"]
[Black "Harika, Dronavalli"]
[Result "1-0"]
[WhiteElo "2525"]
[BlackElo "2462"]
[PlyCount "90"]
[EventDate "2008.11.13"]
[EventType "team-tourn"]
[EventRounds "11"]
[EventCountry "GER"]
[Source "lmi"]
[SourceDate "2008.11.13"]
[WhiteTeam "Rusia"]
[BlackTeam "India"]
[WhiteTeamCountry "RUS"]
[BlackTeamCountry "IND"]

1. d4 Nf6 2. c4 g6 3. Nc3 d5 4. Qb3 dxc4 5. Qxc4 Bg7 6. e4 O-O 7. Be2 Nfd7 8.
Be3 Nb6 9. Qd3 Nc6 10. Rd1 f5 11. Nf3 f4 12. Bc1 Bg4 13. e5 Qd7 14. Ne4 Rad8
15. Nc5 Qc8 16. Qc3 e6 17. h3 Bh5 18. O-O Nd5 19. Qb3 Na5 20. Qc2 Nc6 21. Ng5
Ndb4 22. Qe4 Bxe2 23. Qxe2 Nxd4 24. Rxd4 Rxd4 25. Ncxe6 c5 26. Nxf8 Bxf8 27.
Nf3 Rd5 28. e6 Be7 29. Bxf4 Nd3 30. Bg3 c4 31. Qe4 Qc6 32. Nd4 Qc5 33. Nc2 Qc6
34. Ne3 Rc5 35. Qg4 b5 36. f4 Qe4 37. Qf3 Qxf3 38. Rxf3 Rc6 39. f5 gxf5 40.
Nxf5 Bc5+ 41. Kh2 Rxe6 42. b3 h5 43. bxc4 bxc4 44. Bc7 Re2 45. Bd6 Bb6 1-0

[Event "Olimpiada Dresden 2008 Femenina"]
[Site "Dresden GER"]
[Date "2008.11.15"]
[Round "3.1"]
[White "Tania, Sachdev"]
[Black "Kosintseva, Tatiana"]
[Result "1-0"]
[WhiteElo "2425"]
[BlackElo "2513"]
[PlyCount "76"]
[EventDate "2008.11.13"]
[EventType "team-tourn"]
[EventRounds "11"]
[EventCountry "GER"]
[Source "lmi"]
[SourceDate "2008.11.13"]
[WhiteTeam "India"]
[BlackTeam "Rusia"]
[WhiteTeamCountry "IND"]
[BlackTeamCountry "RUS"]

1. e4 e5 2. Nf3 Nc6 3. Bb5 a6 4. Ba4 Nf6 5. O-O Be7 6. d3 b5 7. Bb3 d6 8. a4
Bd7 9. c3 O-O 10. Bc2 b4 11. Nbd2 d5 12. Re1 bxc3 13. bxc3 Re8 14. Nf1 h6 15.
Ne3 Be6 16. exd5 Nxd5 17. Nxd5 Qxd5 18. d4 exd4 19. Be4 Qc4 20. cxd4 Bd5 21.
Nd2 Qxd4 22. Bb2 Qxb2 23. Bxd5 Bb4 24. Rf1 Rad8 25. Bxc6 Re6 26. Qf3 Rxd2 27.
Rad1 Bc5 28. Rxd2 Qxd2 29. Be4 Rf6 30. Qb3 Bxf2+ 31. Kh1 g6 32. Rd1 Qf4 33. Bf3
h5 34. Rd8+ Kg7 35. h3 Bd4 36. Qd1 Be5 37. Kg1 Rb6 38. Rd2 c5 1-0

[Event "Olimpiada Dresden 2008 Femenina"]
[Site "Dresden GER"]
[Date "2008.11.15"]
[Round "3.1"]
[White "Swathi, Ghate"]
[Black "Korbut, Ekaterina"]
[Result "1-0"]
[WhiteElo "2320"]
[BlackElo "2459"]
[PlyCount "172"]
[EventDate "2008.11.13"]
[EventType "team-tourn"]
[EventRounds "11"]
[EventCountry "GER"]
[Source "lmi"]
[SourceDate "2008.11.13"]
[WhiteTeam "India"]
[BlackTeam "Rusia"]
[WhiteTeamCountry "IND"]
[BlackTeamCountry "RUS"]

1. d4 d5 2. c4 c6 3. Nf3 Nf6 4. Nc3 e6 5. Qd3 dxc4 6. Qxc4 b5 7. Qd3 a6 8. e4
c5 9. dxc5 Bxc5 10. e5 Ng4 11. Qxd8+ Kxd8 12. Bg5+ Ke8 13. Ne4 Bb4+ 14. Bd2
Bxd2+ 15. Nexd2 Nd7 16. a4 bxa4 17. Nc4 Ke7 18. h3 Nh6 19. Rxa4 Bb7 20. Be2
Rhc8 21. O-O Bd5 22. Rfa1 Rab8 23. Nfd2 Nc5 24. R4a3 Nf5 25. Rc3 Bxc4 26. Nxc4
Nd4 27. Bf1 Ne4 28. Nd6 Nxc3 29. Nxc8+ Rxc8 30. bxc3 Rxc3 31. Bxa6 g5 32. Bb7
Rc5 33. Re1 h5 34. g3 Nf5 35. Bf3 h4 36. gxh4 Nxh4 37. Bh5 Kf8 38. Re4 Kg7 39.
Re3 Rc7 40. Kh2 Kh6 41. Be2 Rc2 42. Kg1 Rc1+ 43. Kh2 Rc2 44. Kg1 Rc5 45. Bd3
Rxe5 46. Rxe5 Nf3+ 47. Kg2 Nxe5 48. Bc2 Ng6 49. Kg3 f5 50. Bb3 e5 51. f3 Kg7
52. Bc2 Kf6 53. Bb1 Ke6 54. Kf2 Nf4 55. Kg3 Ne2+ 56. Kf2 Nd4 57. Kg3 Kd5 58.
Bd3 Ke6 59. Bc4+ Ke7 60. Bd3 Kf6 61. Ba6 Kf7 62. Bc4+ Kg6 63. Bd3 Kh5 64. Bb1
Kh6 65. Ba2 Ne2+ 66. Kf2 Nf4 67. Kg3 Ng6 68. Bb1 Nh4 69. Kf2 Kg7 70. Ke3 Kf7
71. Ba2+ Kf6 72. Bb3 Ke7 73. Ba2 Ng2+ 74. Kf2 Nf4 75. Kg3 Ne2+ 76. Kf2 Nc3 77.
Bb3 Kd6 78. Bc2 f4 79. h4 gxh4 80. Kg2 Kc5 81. Kh3 Kd4 82. Kxh4 Ke3 83. Kg4 e4
84. fxe4 f3 85. Kg3 Ne2+ 86. Kh2 Kd2 1-0

[Event "Olimpiada Dresden 2008 Femenina"]
[Site "Dresden GER"]
[Date "2008.11.15"]
[Round "3.2"]
[White "Zepeda, Lorena"]
[Black "Kachiani-Gersinska, Ketino"]
[Result "1/2-1/2"]
[WhiteElo "2159"]
[BlackElo "2371"]
[PlyCount "69"]
[EventDate "2008.11.13"]
[EventType "team-tourn"]
[EventRounds "11"]
[EventCountry "GER"]
[Source "lmi"]
[SourceDate "2008.11.13"]
[WhiteTeam "El Salvador"]
[BlackTeam "Alemania"]
[WhiteTeamCountry "ESA"]
[BlackTeamCountry "GER"]

1. e4 c5 2. Nf3 d6 3. d4 cxd4 4. Nxd4 Nf6 5. Nc3 a6 6. g3 e5 7. Nb3 b6 8. Bg2
Bb7 9. O-O Nbd7 10. Nd2 Rc8 11. Re1 b5 12. Nf1 Nb6 13. Ne3 Be7 14. Nf5 O-O 15.
Bg5 b4 16. Ne2 Rc6 17. c3 bxc3 18. Nxc3 h6 19. Bh4 Re8 20. Qb3 Bc8 21. Rad1 Bf8
22. f4 Be6 23. Nd5 Nbxd5 24. exd5 Rb6 25. Nxh6+ gxh6 26. Bxf6 Rxb3 27. Bxd8
Rxb2 28. dxe6 Rxd8 29. exf7+ Kxf7 30. fxe5 Be7 31. Rf1+ Kg7 32. e6 Bf6 33. Rc1
d5 34. Rc7+ Kg6 35. e7 1/2-1/2

[Event "Olimpiada Dresden 2008 Femenina"]
[Site "Dresden GER"]
[Date "2008.11.15"]
[Round "3.2"]
[White "Michna, Marta"]
[Black "Zepeda, Sonia"]
[Result "1-0"]
[WhiteElo "2399"]
[BlackElo "2118"]
[PlyCount "56"]
[EventDate "2008.11.13"]
[EventType "team-tourn"]
[EventRounds "11"]
[EventCountry "GER"]
[Source "lmi"]
[SourceDate "2008.11.13"]
[WhiteTeam "Alemania"]
[BlackTeam "El Salvador"]
[WhiteTeamCountry "GER"]
[BlackTeamCountry "ESA"]

1. e4 e5 2. Bc4 Nf6 3. d3 Bc5 4. Nc3 c6 5. Nf3 d6 6. h3 Nbd7 7. O-O Bb6 8. a4
h6 9. d4 O-O 10. Re1 Re8 11. dxe5 dxe5 12. Nh4 Nf8 13. Qf3 Ne6 14. Ne2 Ng5 15.
Bxg5 hxg5 16. Red1 Qe7 17. Nf5 Bxf5 18. Qxf5 Rad8 19. Ng3 Rxd1+ 20. Rxd1 Rd8
21. Rd3 Rxd3 22. cxd3 Nd7 23. Qg4 Nf8 24. Nf5 Qf6 25. Qf3 Kh7 26. Qh5+ Kg8 27.
Qf3 Kh7 28. Qh5+ Kg8 1-0

[Event "Olimpiada Dresden 2008 Femenina"]
[Site "Dresden GER"]
[Date "2008.11.15"]
[Round "3.2"]
[White "Castaneda, Ada"]
[Black "Ohme, Melanie"]
[Result "0-1"]
[WhiteElo "2068"]
[BlackElo "2237"]
[PlyCount "95"]
[EventDate "2008.11.13"]
[EventType "team-tourn"]
[EventRounds "11"]
[EventCountry "GER"]
[Source "lmi"]
[SourceDate "2008.11.13"]
[WhiteTeam "El Salvador"]
[BlackTeam "Alemania"]
[WhiteTeamCountry "ESA"]
[BlackTeamCountry "GER"]

1. d4 g6 2. e4 Bg7 3. c4 Nc6 4. Nf3 d6 5. d5 Nb8 6. h3 Nf6 7. Bd3 O-O 8. O-O
Nbd7 9. Nc3 e6 10. Bg5 exd5 11. cxd5 h6 12. Be3 a6 13. Rc1 Re8 14. Bb1 Ne5 15.
Nxe5 Rxe5 16. f4 Re8 17. Bd4 c5 18. dxc6 bxc6 19. e5 dxe5 20. fxe5 c5 21. Bxc5
Qxd1 22. Rcxd1 Rxe5 23. Bd4 Re6 24. Bc2 Rd6 25. Bb3 Bb7 26. Be5 Rxd1 27. Nxd1
Nd5 28. Bxg7 Kxg7 29. Ne3 Nf6 30. Ng4 Nd5 31. Rd1 h5 32. Bxd5 Bxd5 33. Rxd5
hxg4 34. hxg4 a5 35. b3 a4 36. b4 a3 37. Rd3 Kf6 38. Kf2 Rb8 39. Rb3 Ke5 40.
Ke3 Kd5 41. Kd3 Rb7 42. b5 Kc5 43. b6 f6 44. Kc3 f5 45. g5 f4 46. Rb4 Rxb6 47.
Rxb6 Kxb6 48. Kb4 0-1

[Event "Olimpiada Dresden 2008 Femenina"]
[Site "Dresden GER"]
[Date "2008.11.15"]
[Round "3.2"]
[White "Hoolt, Sarah"]
[Black "Avelar, Gabriela"]
[Result "1/2-1/2"]
[WhiteElo "2274"]
[BlackElo "2045"]
[PlyCount "52"]
[EventDate "2008.11.13"]
[EventType "team-tourn"]
[EventRounds "11"]
[EventCountry "GER"]
[Source "lmi"]
[SourceDate "2008.11.13"]
[WhiteTeam "Alemania"]
[BlackTeam "El Salvador"]
[WhiteTeamCountry "GER"]
[BlackTeamCountry "ESA"]

1. d4 d5 2. c4 e6 3. Nc3 c6 4. Nf3 Nf6 5. Bg5 h6 6. Bh4 dxc4 7. e4 g5 8. Bg3 b5
9. Be2 Bb7 10. O-O Nbd7 11. Ne5 Bg7 12. Nxd7 Nxd7 13. Bd6 a6 14. Bg4 h5 15.
Bxh5 Nf6 16. Bxf7+ Kxf7 17. f4 Qxd6 18. e5 Qc7 19. fxg5 c5 20. Qg4 cxd4 21.
Rxf6+ Bxf6 22. g6+ Ke8 23. exf6 Qxh2+ 24. Kf2 Qh4+ 25. Qxh4 Rxh4 26. Ne2 Rg4
1/2-1/2